| 000 | 00512ntaaa2200193 4500 | ||
|---|---|---|---|
| 003 | 01 | ||
| 005 | 20251027201702.0 | ||
| 008 | 0714s1973 ag 01 | ||
| 040 |
_aAR-BaBN _bspa _cAR-BaBN _eaacr _dRIC |
||
| 082 | _a232.9630 R87 | ||
| 100 |
_aRunes, Dagobert D. _915527 |
||
| 245 | _aEl judío y la cruz | ||
| 250 | _a1 ed. | ||
| 260 |
_aBuenos Aires : _bEditorial Candelabro, _c1966 |
||
| 300 | _a104 p | ||
| 500 | _aUna defensa judía sobre la crucifixión de Cristo | ||
| 650 |
_aJudíos _910184 |
||
| 942 | _cBK | ||
| 999 |
_c11590 _d11590 |
||